<?xml version="1.0" encoding="UTF-8"?>
<record
    xmlns:xsi="http://www.w3.org/2001/XMLSchema-instance"
    xsi:schemaLocation="http://www.loc.gov/MARC21/slim http://www.loc.gov/standards/marcxml/schema/MARC21slim.xsd"
    xmlns="http://www.loc.gov/MARC21/slim">

  <leader>01588nam a2200253 a 4500</leader>
  <controlfield tag="001">BRCA_8733</controlfield>
  <controlfield tag="005">20190320210401.0</controlfield>
  <controlfield tag="008">200217s1781----sp-#######---#000-0#spa-#</controlfield>
  <datafield tag="041" ind1=" " ind2=" ">
    <subfield code="a">spa</subfield>
  </datafield>
  <datafield tag="044" ind1=" " ind2=" ">
    <subfield code="a">sp</subfield>
  </datafield>
  <datafield tag="084" ind1=" " ind2=" ">
    <subfield code="a">BE89</subfield>
    <subfield code="b">.C67 1781</subfield>
  </datafield>
  <datafield tag="100" ind1="1" ind2=" ">
    <subfield code="a">Cortines, Francisco Ignacio</subfield>
    <subfield code="9">21110</subfield>
  </datafield>
  <datafield tag="245" ind1="1" ind2="0">
    <subfield code="a">Sermones del P.D. Nicolas Gallo Presb&#xED;tero de la Congregaci&#xF3;n Del Salvador del Mundo de Madrid, que da a luz</subfield>
    <subfield code="c">Francisco Ignacio Cortines.</subfield>
  </datafield>
  <datafield tag="260" ind1=" " ind2=" ">
    <subfield code="a">Madrid</subfield>
    <subfield code="b">Por D. Manuel Martin</subfield>
    <subfield code="c">1781</subfield>
  </datafield>
  <datafield tag="300" ind1=" " ind2=" ">
    <subfield code="a">[50], 327 p. (t.1)</subfield>
    <subfield code="c">20.1 x 15.4 cm.</subfield>
  </datafield>
  <datafield tag="500" ind1=" " ind2=" ">
    <subfield code="a">Con las licencias necesarias.</subfield>
  </datafield>
  <datafield tag="500" ind1=" " ind2=" ">
    <subfield code="a">Estado f&#xED;sico : presenta encuadernaci&#xF3;n en pergamino</subfield>
  </datafield>
  <datafield tag="500" ind1=" " ind2=" ">
    <subfield code="a">Con marca de fuego: &#x201C;Procedencia de la marca: Colegio Jesuita de San Francisco Xavier de la Ciudad de Quer&#xE9;taro (1). Instituci&#xF3;n: Provincia Mexicana de la Compa&#xF1;&#xED;a de Jes&#xFA;s. Descripci&#xF3;n: Iniciales S. Xr. Q. que se desata como S[an] X[avie]r [de] Q[uer&#xE9;taro.]. Observaciones: A falta de un testimonio de pertenencia se hace la atribuci&#xF3;n de la marca en funci&#xF3;n a la realizada por David Saavedra Vega. Se espera localizar otro ejemplar que corrobore esta atribuci&#xF3;n. Ubicaci&#xF3;n de la marca en el libro: Canto superior&#x201D;</subfield>
  </datafield>
  <datafield tag="600" ind1="1" ind2="4">
    <subfield code="a">Gallo, Nicolas</subfield>
    <subfield code="c">Presb&#xED;tero de la Congregaci&#xF3;n Del Salvador del Mundo de Madrid</subfield>
    <subfield code="9">21111</subfield>
  </datafield>
  <datafield tag="650" ind1="1" ind2="4">
    <subfield code="a">Teolog&#xED;a pastoral</subfield>
    <subfield code="y">Siglo XVIII</subfield>
    <subfield code="9">21112</subfield>
  </datafield>
  <datafield tag="856" ind1=" " ind2=" ">
    <subfield code="a">http://www.marcasdefuego.buap.mx:8180/xmLibris/projects/firebrand/item.jsp?repository=marcas_de_fuego&amp;key=marcas_de_fuego_marcas_de_fuego_20151006120916_4064.xml&amp;num=5</subfield>
  </datafield>
  <datafield tag="902" ind1=" " ind2=" ">
    <subfield code="a">CFM</subfield>
  </datafield>
  <datafield tag="942" ind1=" " ind2=" ">
    <subfield code="2">lcc</subfield>
    <subfield code="c">B</subfield>
  </datafield>
  <datafield tag="999" ind1=" " ind2=" ">
    <subfield code="c">8385</subfield>
    <subfield code="d">8385</subfield>
  </datafield>
  <datafield tag="952" ind1=" " ind2=" ">
    <subfield code="0">0</subfield>
    <subfield code="1">0</subfield>
    <subfield code="4">0</subfield>
    <subfield code="7">0</subfield>
    <subfield code="a">BRCA</subfield>
    <subfield code="b">BRCA</subfield>
    <subfield code="d">2017-02-20</subfield>
    <subfield code="l">0</subfield>
    <subfield code="o">BE89 .C67 1781</subfield>
    <subfield code="p">CFM00069</subfield>
    <subfield code="r">2019-03-22 00:00:00</subfield>
    <subfield code="w">2019-03-22</subfield>
    <subfield code="y">B</subfield>
  </datafield>
</record>
